000 00786nam a2200253Ia 4500
003 OSt
005 20220923211202.0
006 a|||||r|||| 00| 0
007 ta
008 Pun
020 _a8188852716
_c175
024 _a260,399
037 _b530, 02/12/2011, H.K. Prakashan
_cTextual
040 _aARTS
_cARTS
_bPun
041 _2Pun
_aPun
082 _aP153:3, 153P8
100 _aਅਗਨੀਹੋਤਰੀ, ਵੇਦ
_9159277
245 0 _aFਬਦ ਸਰੋਕਾਰ
260 _aਜਲੰਧਰ
_b ਦੀਪਕ ਪਬਲਿFਰ
_c2008
300 _a112ਪੰ
_ccm.
650 _aਪੰਜਾਬੀ ਭਾFਾ
_9159278
942 _hP153:3, 153P8
_cTEXL
_2CC
999 _c296487
_d296487